000 00945nam a2200229Ia 4500
999 _c38875
_d38875
001 5288
003 GE_BSU
005 20190502103835.0
008 190426b1962 ge ||||| |||| 00| 0 geo d
040 _cGE_BSU
041 _ageo
080 _a624.012.4 წ-86
100 _aწულეისკირი, მ.
_9497
245 _aრკინაბეტონის კონსტრუქციები :
_cმ. წულეისკირი ; რედ. ა. კაკუშაძე, დ. დოლიძე.
264 _aთბილისი :
_bსპი,
_c1962.
300 _a466 გვ. ;
_c22 სმ
504 _aბიბლიოგრ. : გვ. 464-465.
653 _aრკინაბეტონის კონსტრუქციები
700 _aკაკუშაძე, ა.
_eრედაქტორი
_9621
700 _aდოლიძე, დ.
_eრედაქტორი
_9452
942 _cBK
_2udc